Teorie grafů a grafové algoritmy

Guardado en:
Detalles Bibliográficos
Autor principal: Milková, Eva
Autor Corporativo: Univerzita Hradec Králové. Fakulta informatiky a managementu
Formato: Libro
Lenguaje:checo
Publicado: Hradec Králové GAUDEAMUS 2013
Materias:
Etiquetas: Agregar Etiqueta
Sin Etiquetas, Sea el primero en etiquetar este registro!

MARC

LEADER 00000nam a2200000 4500
001 0201828
005 20240226134337.4
020 |a 978-80-7435-267-6 
041 0 |a cze 
044 |a CZ 
245 1 0 |a Teorie grafů a grafové algoritmy  |c Eva Milková 
264 1 |a Hradec Králové  |b GAUDEAMUS  |c 2013 
300 |a 123 s. 
610 2 0 |a teória grafov 
610 2 0 |a grafy 
610 2 0 |a algoritmy 
610 2 0 |a terminológia 
100 1 |a Milková, Eva 
710 2 |a Univerzita Hradec Králové. Fakulta informatiky a managementu